000 00860cam a22003017a 4500
003 CHAP
005 20220329141521.0
008 971013s1988 r 00010 d
010 _a69422
011 _a70394
035 _a79875
040 _cCHAP
090 _aFolleto 10263
110 _aPrograma de las Naciones Unidas para el Medio Ambiente
_992307
245 1 3 _aLa niebla ácida
260 _aNairobi, Kenia :
_bPNUMA,
_c[1988?]
300 _a1 hoja
500 _a34-76
500 _aFotocopia
590 _aBATCH-UPD
_b10
_c20130110
_lUCH01
_h2157
590 _aBATCH-UPD
_b10
_c20130410
_lUCH01
_h1505
590 _aBATCH-UPD
_b10
_c20130914
_lUCH01
_h1728
590 _aCONVERSION
_b10
_c20130109
_lUCH01
_h1338
650 1 4 _aLluvia ácida.
_967347
901 _aBK
942 _cFOLL
949 _aFolleto 10263
_bBC
_cFOLL
_d-32765
_eTS1
_i79875
_mD
_si
999 _c69422
_d69422